Pictorial Phrases Quiz Stats

 Plays Quiz Updated Jan 19, 2014

Support Sporcle.
Go Orange.
Score 0/18 Timer 08:00
1 Play Today
% Correct
Half-Hearted
85.2%
Split Personality
85.2%
Small Talk
84.2%
Tickled Pink
80.4%
Once In A Blue Moon
78.9%
For Instance
77.6%
Crossbreed
76.8%
Safety In Numbers
69.7%
First Lady
66.6%
% Correct
Green With Envy
62.7%
Two Left Feet
62.3%
A Cut Above The Rest -or- Uppercut
53.3%
For Once In My Life
46.8%
What's Black and White and Read All Over
43.4%
Robin Hood
42.3%
Moral Support -or- Moral High Ground
18.6%
Back to Square One
14%
Downright Stupid
9.3%

You're not logged in!

Compare scores with friends on all Sporcle quizzes.
OR
Log In
Forgot?

From the Vault

Women Singers of the 1980s

by babymonkee

Music 5m
The '80s had some pretty wild hairdos.
Remove Ads.
Support Sporcle.
Get the best of Sporcle when you Go Orange. This ad-free experience offers more features, more stats, and more fun while also helping to support Sporcle. Thank you for becoming a member.

Show Comments

Extras

Top Quizzes Today


Score Distribution

Your Account Isn't Verified!

In order to create a playlist on Sporcle, you need to verify the email address you used during registration. Go to your Sporcle Settings to finish the process.

Report this User

Report this user for behavior that violates our Community Guidelines.

Details: